Missing Word: Disney Songs Missing Verbs Quiz Stats

 Plays Quiz Updated Oct 23, 2018

Score 0/22 Timer 04:00
1 Play Today
Song Missing Word % Correct
Some Day My Prince Will _____Come
98%
_____ It GoLet
95.7%
When You _____ Upon a StarWish
93.9%
You Can _____! You Can _____! You Can _____! Fly
93.6%
I'll _____ a Man Out of YouMake
93.4%
I Just Can't _____ to Be KingWait
92.5%
When I _____ an Elephant FlySee
91.4%
Ev'rybody _____ to Be a CatWants
91%
_____ a Little DeeperDig
89.6%
When Will My Life _____?Begin
87.3%
_____ the GirlKiss
79.7%
Song Missing Word % Correct
We _____ the WayKnow
68.5%
_____ Through My EyesLook
67.8%
Oh, _____ Sweet NightingaleSing
64.6%
God _____ the OutcastsHelp
51.7%
I Won't _____ (I'm in Love)Say
49.3%
How D'Ye Do and _____ HandsShake
47.2%
_____ With Your HeartListen
46.2%
_____ in MeTrust
44.7%
Why Should I _____?Worry
40%
_____ EverythingTry
35%
Up, Down and _____ the GroundTouch
30.7%

Today's Daily Dose

Missing Word
Sherlocks

Word Ladder
King of the Hill

Quick Pick
Songs in Pink

Get the Picture
NBA Teammates

You're not logged in!

Compare scores with friends on all Sporcle quizzes.
OR
Log In

Sporcle TV

Today on Sporcle TV


Watch our educational content, quiz creation guides, and fun videos on Sporcle TV.

Show Comments

Extras

Top Quizzes Today


Score Distribution

Your Account Isn't Verified!

In order to create a playlist on Sporcle, you need to verify the email address you used during registration. Go to your Sporcle Settings to finish the process.

Report this User

Report this user for behavior that violates our Community Guidelines.

Details: